[Event "SVK-chT2A 2122"]
[Site "Slovakia"]
[Date "2022.03.26"]
[Round "8.2"]
[White "Kovacocy, Pavol"]
[Black "Beles, Milan"]
[Result "0-1"]
[WhiteElo "2272"]
[BlackElo "2049"]
[PlyCount "114"]
[EventDate "2021.10.16"]
[EventType "team-tourn"]
[EventRounds "11"]
[EventCountry "SVK"]
[SourceTitle "EXT 2023"]
[Source "ChessBase"]
[SourceDate "2022.10.05"]
[SourceVersion "1"]
[SourceVersionDate "2022.10.05"]
[SourceQuality "1"]
[WhiteTeam "Cífer"]
[BlackTeam "Pezinok"]
[WhiteTeamCountry "SVK"]
[BlackTeamCountry "SVK"]

1. e4 c5 2. Nf3 Nf6 3. d3 d5 4. Nbd2 Nc6 5. g3 Bg4 6. h3 Bh5 7. g4 dxe4 8. dxe4 Bg6 9. Bd3 a6 10. a3 c4 11. Bxc4 Nxe4 12. Nxe4 Qxd1+ 13. Kxd1 Bxe4 14. Bxf7+ Kd7 15. Ke2 Bxf3+ 16. Kxf3 Ne5+ 17. Ke4 Nxf7 18. Rd1+ Nd6+ 19. Kd3 g6 20. Be3 Bg7 21. c3 Rac8 22. Kc2 Rhf8 23. Rd3 Rf3 24. Re1 Bf6 25. Bd4 Rxd3 26. Kxd3 Bxd4 27. Kxd4 Rf8 28. Ke3 Rf6 29. Rd1 Kc6 30. b3 e5 31. f3 Rf7 32. a4 Rd7 33. Rh1 Kd5 34. h4 Ke6 35. h5 g5 36. Ra1 Nc8 37. c4 Rd4 38. a5 Ne7 39. Ke2 Nc6 40. Ke3 Kd6 41. Ke2 Kc5 42. Ke3 Rf4 43. Rh1 h6 44. Rb1 Kb4 45. Ra1 Nd4 46. Rd1 Kxa5 47. c5 Kb5 48. Rb1 Kc6 49. b4 Kd5 50. c6 bxc6 51. Kf2 Rxf3+ 52. Kg2 e4 53. Ra1 e3 54. Ra5+ Ke4 55. Rxa6 e2 56. Ra8 Ne6 57. Re8 Ke5 0-1

[Event "SVK-chT2A 2122"]
[Site "Slovakia"]
[Date "2021.11.14"]
[Round "4.5"]
[White "Brunovsky, Peter"]
[Black "Beles, Milan"]
[Result "0-1"]
[WhiteElo "1893"]
[BlackElo "2000"]
[PlyCount "74"]
[EventDate "2021.10.16"]
[EventType "team-tourn"]
[EventRounds "11"]
[EventCountry "SVK"]
[SourceTitle "EXT 2023"]
[Source "ChessBase"]
[SourceDate "2022.10.05"]
[SourceVersion "1"]
[SourceVersionDate "2022.10.05"]
[SourceQuality "1"]
[WhiteTeam "Osuske II"]
[BlackTeam "Pezinok"]
[WhiteTeamCountry "SVK"]
[BlackTeamCountry "SVK"]

1. d4 Nf6 2. Nf3 e6 3. Bf4 c5 4. e3 Be7 5. c3 0-0 6. Bd3 b6 7. Nbd2 Bb7 8. h3 Nc6 9. 0-0 Rc8 10. Bh2 d6 11. Qe2 d5 12. Ne5 c4 13. Bc2 b5 14. a3 a5 15. Ndf3 Nd7 16. Kh1 Ndxe5 17. Nxe5 g6 18. f3 f6 19. Ng4 h5 20. Nf2 Kg7 21. e4 f5 22. exf5 exf5 23. Rfe1 Bd6 24. Bxd6 Qxd6 25. Qd2 Rce8 26. Qg5 Qd8 27. h4 Qxg5 28. hxg5 Kf7 29. f4 Rxe1+ 30. Rxe1 Nd8 31. Kh2 Ne6 32. Kg3 Re8 33. Nh3 Bc6 34. Kf3 Nxd4+ 35. Kf2 Nxc2 36. Rxe8 Kxe8 37. Ke2 d4 0-1

[Event "SVK-chT2A 0809"]
[Site "Slovakia"]
[Date "2009.02.28"]
[Round "10.5"]
[White "Mihalik, Marek"]
[Black "Beles, Milan"]
[Result "1-0"]
[WhiteElo "2098"]
[BlackElo "2083"]
[PlyCount "101"]
[EventDate "2008.10.11"]
[EventType "team-tourn"]
[EventRounds "11"]
[EventCountry "SVK"]
[SourceTitle "EXT 2010"]
[Source "ChessBase"]
[SourceDate "2010.11.25"]
[SourceVersion "1"]
[SourceVersionDate "2010.11.25"]
[SourceQuality "1"]
[WhiteTeam "Piestany Kupele"]
[BlackTeam "Pezinok KS"]
[WhiteTeamCountry "SVK"]
[BlackTeamCountry "SVK"]

1. d4 d5 2. c4 dxc4 3. Nf3 Nf6 4. e3 c5 5. Bxc4 e6 6. 0-0 Nc6 7. Nc3 a6 8. a4 Be7 9. b3 0-0 10. Bb2 Qb6 11. Ne2 Rd8 12. dxc5 Bxc5 13. Qc2 Be7 14. Rfd1 Bd7 15. Ne5 Nxe5 16. Bxe5 Bc6 17. Nf4 Qa5 18. Bc3 Qg5 19. Bf1 Nd5 20. Nxd5 Bxd5 21. Qb2 Bf6 22. Bxf6 Qxf6 23. Qxf6 gxf6 24. b4 Rac8 25. a5 Bc6 26. h3 Kf8 27. Rac1 Ke7 28. Rxd8 Rxd8 29. Bxa6 Bxg2 30. Bf1 Be4 31. Kh2 Rd2 32. Kg3 Rb2 33. Rc4 Bd5 34. Rd4 f5 35. Bg2 Bxg2 36. Kxg2 e5 37. Rc4 Kd6 38. Kf3 Kd5 39. Rc5+ Kd6 40. Rb5 e4+ 41. Kg3 Kc6 42. Rc5+ Kd6 43. Rxf5 Rxb4 44. Rxf7 Rb5 45. Rxh7 Rxa5 46. Rxb7 Ke5 47. Re7+ Kf5 48. Rf7+ Ke5 49. Kg4 Ra2 50. h4 Ke6 51. Rf8 1-0

[Event "SVK-chT2A 0809"]
[Site "Slovakia"]
[Date "2009.02.01"]
[Round "9.6"]
[White "Mikulas, Dusan"]
[Black "Beles, Milan"]
[Result "1-0"]
[WhiteElo "2183"]
[BlackElo "2083"]
[PlyCount "83"]
[EventDate "2008.10.11"]
[EventType "team-tourn"]
[EventRounds "11"]
[EventCountry "SVK"]
[SourceTitle "EXT 2010"]
[Source "ChessBase"]
[SourceDate "2010.11.25"]
[SourceVersion "1"]
[SourceVersionDate "2010.11.25"]
[SourceQuality "1"]
[WhiteTeam "Bratislava Doprastav"]
[BlackTeam "Pezinok KS"]
[WhiteTeamCountry "SVK"]
[BlackTeamCountry "SVK"]

1. e4 c5 2. Nf3 d6 3. d4 cxd4 4. Nxd4 Nf6 5. Nc3 e5 6. Ndb5 a6 7. Na3 b5 8. Nd5 Nxe4 9. Qf3 Nc5 10. b4 e4 11. Qd1 Ne6 12. c4 Be7 13. Bb2 bxc4 14. Nxc4 Nd7 15. Nxe7 Qxe7 16. Nxd6+ Kf8 17. Rc1 Nb6 18. Be2 Bd7 19. Qd2 Qg5 20. Qxg5 Nxg5 21. h4 Ne6 22. Nxe4 Bb5 23. Nc5 Re8 24. Bxb5 axb5 25. 0-0 Nc4 26. Nxe6+ Rxe6 27. Bd4 Ra6 28. Rfe1 h6 29. Rc2 f6 30. Bc5+ Kg8 31. Re7 Kh7 32. Rb7 Rha8 33. Re2 Rxa2 34. Ree7 Rg8 35. h5 Ne5 36. Rxb5 Ng4 37. g3 Ne5 38. Kg2 Kh8 39. Rbb7 Rd2 40. Be3 Rc2 41. Bxh6 Rxf2+ 42. Kxf2 1-0

[Event "SVK-chT2A 0809"]
[Site "Slovakia"]
[Date "2008.12.06"]
[Round "5.5"]
[White "Mydlarik, Martin"]
[Black "Beles, Milan"]
[Result "1-0"]
[WhiteElo "2124"]
[BlackElo "2083"]
[PlyCount "177"]
[EventDate "2008.10.11"]
[EventType "team-tourn"]
[EventRounds "11"]
[EventCountry "SVK"]
[SourceTitle "EXT 2010"]
[Source "ChessBase"]
[SourceDate "2010.11.25"]
[SourceVersion "1"]
[SourceVersionDate "2010.11.25"]
[SourceQuality "1"]
[WhiteTeam "Modra II"]
[BlackTeam "Pezinok KS"]
[WhiteTeamCountry "SVK"]
[BlackTeamCountry "SVK"]

1. e4 c5 2. d4 cxd4 3. Nf3 d6 4. Nxd4 Nf6 5. Nc3 e5 6. Bb5+ Bd7 7. Bxd7+ Qxd7 8. Nb3 Qc6 9. Qe2 Nbd7 10. 0-0 Be7 11. Na5 Qc7 12. Nc4 0-0 13. Bg5 Rfc8 14. Ne3 Bf8 15. Bxf6 Nxf6 16. Rfd1 a6 17. a4 Rab8 18. a5 b5 19. axb6 Qxb6 20. Ra2 Qb7 21. Qd3 Qb4 22. g3 Rxc3 23. bxc3 Qxe4 24. Qxe4 Nxe4 25. Rxa6 g6 26. Rc6 Rb2 27. Rc8 Kg7 28. Rc4 Nc5 29. Rb4 Ra2 30. Rdb1 h5 31. R1b2 Ra1+ 32. Rb1 Ra2 33. Kg2 Be7 34. Nd5 Bd8 35. Rb8 Ne6 36. Nb4 Ra3 37. Rb3 Ra1 38. Nd5 Ra2 39. Rc8 Rxc2 40. Rbb8 Rd2 41. c4 Rd4 42. Rxd8 Nxd8 43. Rxd8 Rxc4 44. Rxd6 Rd4 45. Rd7 h4 46. Nb6 Rb4 47. Nc8 hxg3 48. hxg3 Kf6 49. Rd6+ Kg7 50. Ne7 Rc4 51. Kf3 Ra4 52. g4 Ra3+ 53. Ke2 Ra4 54. f3 Rf4 55. Ke3 Ra4 56. Rb6 Rc4 57. g5 Rc1 58. Kf2 Rc5 59. Rd6 Rc2+ 60. Kg3 Rc1 61. Kh2 Rc2+ 62. Kh3 Rc1 63. Rd2 Rh1+ 64. Rh2 Rd1 65. Nc6 f6 66. Re2 Rh1+ 67. Kg2 Rh5 68. gxf6+ Kxf6 69. Re4 Rg5+ 70. Kf2 Rh5 71. Nb4 Rh2+ 72. Ke3 Rh5 73. Nd5+ Kf7 74. Kf2 Rf5 75. Ne3 Rg5 76. Ng4 Ke6 77. Ke3 Rh5 78. Ra4 Rh1 79. Ra5 Re1+ 80. Kf2 Rb1 81. Rxe5+ Kf7 82. Kg3 Rb3 83. Kf4 Ra3 84. Re4 Ra5 85. Rb4 Rf5+ 86. Ke4 Ra5 87. Rb7+ Ke6 88. Rb6+ Ke7 89. Rxg6 1-0

[Event "Tatry op"]
[Site "Tatranske Zruby"]
[Date "2007.09.27"]
[Round "7"]
[White "Frink, Ferenc"]
[Black "Beles, Milan"]
[Result "1-0"]
[WhiteElo "2172"]
[BlackElo "2105"]
[PlyCount "57"]
[EventDate "2007.09.22"]
[EventType "swiss"]
[EventRounds "9"]
[EventCountry "SVK"]
[SourceTitle "CBM 120 Extra"]
[Source "ChessBase"]
[SourceDate "2007.11.01"]
[SourceVersion "1"]
[SourceVersionDate "2007.11.01"]
[SourceQuality "1"]

1. e4 c5 2. b4 cxb4 3. a3 d5 4. e5 Nc6 5. d4 Qb6 6. Be3 Nh6 7. axb4 Qxb4+ 8. c3 Qb2 9. Ra3 Qb6 10. Bd3 g6 11. Ne2 Bf5 12. 0-0 Bxd3 13. Qxd3 Nf5 14. Nd2 Bg7 15. h3 0-0 16. g4 Nxe3 17. fxe3 e6 18. Kg2 f6 19. exf6 Bxf6 20. Nf4 Rae8 21. c4 Bg5 22. Rb3 Qc7 23. cxd5 exd5 24. Nxd5 Qd8 25. Rxf8+ Kxf8 26. e4 Bxd2 27. Qxd2 Rxe4 28. Qh6+ Kg8 29. Rxb7 1-0